000 00418nam a22001697a 4500
005 20180630163033.0
008 160601b xxu||||| |||| 00| 0 eng d
020 _a81-219-0813-2
041 _aeng
082 _b6667
_a658
100 _aShukla, M.C.
_91650
245 _aBusiness Organisation and Mgt
260 _aNew Delhi
_bSultan Chand & Sons,
_c2010
300 _a849
650 _aManagement
_9241
942 _cBK
999 _c2323
_d2322